000 00453nam a2200133 a 4500
001 000004043
005 20200929150658.0
008 090716s2007 pr a 000 0 spa d
040 _aDO-SdBNP
_bspa
_cBNPHU
100 1 _aMedina Maldonado, Gisela
_912075
245 1 0 _aTe voy a contar :
_bcuentos cristianos para niños /
_cGesela Medina Maldonado.
260 _aRio Piedras, Puerto Rico :
_bFundación Palabra y más,
_c2007.
300 _a78 p. :
_bil. ;
_c22 cm.
999 _c3862
_d3862